20 największych miast w Europie - Statystyki

Ogólne statystyki
  • Ten quiz został rozwiązany 243 575 razy
    239 330 od ostatniego zresetowania
  • Średni wynik to 13 z 20
Statystyki odpowiedzi
Ludność Miasto % Poprawnych
1 802 237 Warszawa
99%
2 140 526 Paryż
96%
3 748 148 Berlin
94%
12 615 279 Moskwa
91%
3 223 334 Madryt
90%
9 126 366 Londyn
89%
2 857 321 Rzym
84%
2 950 819 Kijów
76%
1 620 343 Barcelona
72%
1 308 632 Praga
71%
1 899 055 Wiedeń
59%
1 749 734 Budapeszt
57%
1 456 039 Monachium
51%
2 106 144 Bukareszt
48%
15 029 231 Stambuł
47%
1 982 444 Mińsk
46%
5 383 980 Petersburg
46%
1 395 274 Mediolan
42%
1 930 996 Hamburg
35%
1 461 128 Charków
16%
Nie znaleziono quizów pasujących do podanych kryteriów
Rozkład punktacji
Procent ludzi z każdym wynikiem
Percentyl według liczby udzielonych odpowiedzi
Twoja historia wyników
Nie rozwiązałeś tego quizu od ostatniego zresetowania